000 01088ngm a22003490a 4500
001 PT39896
003 AR-LpoUNG
005 20210201235845.0
007 vd cvaizq
008 191001s1967||||ag |||||||||||||||||eng d
037 _c$13,75
040 _aAR-LpoUNG
_bspa
_cAR-LpoUNG
_eaacr
041 _aeng
_aspa
044 _aag
082 0 _a940.27 871mar
100 1 _aBrook, Peter
_edir.
245 1 0 _aMarat Sade
260 _aBuenos Aires :
_bBlackman,
_c1967.
300 _aDVD (115 min.) : son., col.
505 0 _aVersión cinematográfica de la obra de Peter Weiss
520 _aSe desarrolla en los principios del imperio, cuando las esperanzas revolucionarias son ahogadas por el gobierno dictatorial de Napoleon I. La obra esboza una reflexión sobre la violencia revolucionaria y la violencia individual.
650 4 _aCAMBIO SOCIAL
650 4 _aDRAMA
650 4 _aREVOLUCION
650 4 _aVIOLENCIA
651 4 _aDOCUMENTOS TEORICOS O METODOLOGICOS
653 _aCINE INGLES
653 _aDVD
653 _aVIDEOS
905 _a39896
942 _cDVD
999 _c53619
_d53619